Movies Quiz

Random Movies Quiz

Jungle Book characters by species Quiz Stats

 Plays Quiz not verified by Sporcle

Challenge
Share
Tweet
Embed
Score 0/8 Timer 10:00
0 Plays Today
Species Character % Correct
Sloth bearBaloo
98.4%
HumanMowgli
90.9%
Indian pythonKaa
89.7%
PantherBagheera
88.1%
Bengal tigerShere Khan
87.8%
OrangutanKing Louie
77.4%
WolfAkela
67.7%
Asian elephantColonel Hathi
49.5%

You're not logged in!

Compare scores with friends on all Sporcle quizzes.
Join for Free
OR
Log In

You Might Also Like...

Show Comments

Extras

Created Nov 28, 2012ReportFavoriteNominate
Tags:Jungle Book

Top Quizzes Today


Score Distribution

Your Account Isn't Verified!

In order to create a playlist on Sporcle, you need to verify the email address you used during registration. Go to your Sporcle Settings to finish the process.

Report this User

Report this user for behavior that violates our Community Guidelines.

Details: